| 000 | 00851cam a22001935a 4500 | ||
|---|---|---|---|
| 001 | L151814 | ||
| 008 | 101213e20101112xxk 000 0 eng d | ||
| 035 | _a(Sirsi) u151814 | ||
| 041 | 0 | _aeng | |
| 100 | 1 | _aWithers, Iain | |
| 245 | 0 | 0 |
_aPublic work drought drags construction work down 22% _bbusiness barometer _beducation work holds Willmott Dixon in top spot as government projects decline |
| 260 | _c2010 | ||
| 490 |
_aBuilding _v275 (8658) 10 December 2010, 16-17(2) |
||
| 520 | _aReview of November; tables of top contractors excluding and including civils for the month; yearly work won; top architects, clients/promoters, and quantity surveyors with number of projects and total value (£m) 1 December 2009-30 November 2010. | ||
| 590 | _aKA | ||
| 651 | 4 |
_aUnited Kingdom _y |
|
| 690 | _aBUILT ENVIRONMENT-CONSTRUCTION MARKET | ||
| 942 | _n0 | ||
| 999 |
_c82859 _d82859 |
||